Geography Quiz

Random Geography or Asia Quiz
Score 0/7 Timer 01:00
0 Plays Today
% Correct
Pakistan
88.7%
Afghanistan
84.7%
Kazakhstan
84.7%
Uzbekistan
75.1%
Kyrgyzstan
73.8%
Turkmenistan
73.5%
Tajikistan
73.5%
Remove Ads.
Support Sporcle.
Get the best of Sporcle when you Go Orange. This ad-free experience offers more features, more stats, and more fun while also helping to support Sporcle. Thank you for becoming a member.

You're not logged in!

Compare scores with friends on all Sporcle quizzes.
OR
Log In

Show Comments

Extras

Top Quizzes Today


Score Distribution

Your Account Isn't Verified!

In order to create a playlist on Sporcle, you need to verify the email address you used during registration. Go to your Sporcle Settings to finish the process.

Report this User

Report this user for behavior that violates our Community Guidelines.

Details: